000
00346nam a2200145Ia 4500
008
240624s9999 xx 000 0 und d
041
_a
eng
082
_a
658.5 BEN
100
_a
BENNETT DAVID
245
_a
OPERATIONS MANAGEMENT I
260
_c
2006
_a
London
_b
Sage
300
_a
xxxiv, : 295 : p. : cm. ; 23
365
_c
GBP
_b
50
440
_v
3
999
_c
27350
_d
27350